Flying closer to the flame / (Record no. 5113)

MARC details
000 -LEADER
fixed length control field 02070cam a2200301 a 4500
001 - CONTROL NUMBER
control field 28587356
003 - CONTROL NUMBER IDENTIFIER
control field OCoLC
005 - DATE AND TIME OF LATEST TRANSACTION
control field 20181220134643.0
008 - FIXED-LENGTH DATA ELEMENTS--GENERAL INFORMATION
fixed length control field 930721s1993 txu b 000 0 eng
010 ## - LIBRARY OF CONGRESS CONTROL NUMBER
LC control number 93005950
020 ## - INTERNATIONAL STANDARD BOOK NUMBER
International Standard Book Number 0849910013
020 ## - INTERNATIONAL STANDARD BOOK NUMBER
International Standard Book Number 9780849910012
035 ## - SYSTEM CONTROL NUMBER
System control number (OCoLC)28587356
040 ## - CATALOGING SOURCE
Original cataloging agency DLC
Language of cataloging eng
Transcribing agency DLC
Modifying agency BTCTA
-- BAKER
-- YDXCP
-- ZID
050 00 - LIBRARY OF CONGRESS CALL NUMBER
Classification number BT121.2
Item number .S955 1993
082 00 - DEWEY DECIMAL CLASSIFICATION NUMBER
Classification number 231.3
Edition number 20
Item number S978F
092 ## - LOCALLY ASSIGNED DEWEY CALL NUMBER (OCLC)
Classification number 231.3
Item number S9784
100 1# - MAIN ENTRY--PERSONAL NAME
Personal name Swindoll, Charles R.
245 10 - TITLE STATEMENT
Title Flying closer to the flame /
Statement of responsibility, etc. Charles R. Swindoll.
260 ## - PUBLICATION, DISTRIBUTION, ETC.
Place of publication, distribution, etc. Dallas :
Name of publisher, distributor, etc. Word Pub.,
Date of publication, distribution, etc. c1993.
300 ## - PHYSICAL DESCRIPTION
Extent 270 p. ;
Dimensions 24 cm.
504 ## - BIBLIOGRAPHY, ETC. NOTE
Bibliography, etc. note Includes bibliographical references (p. 267-270).
505 0# - FORMATTED CONTENTS NOTE
Formatted contents note Let's get reacquainted with the spirit -- The main agenda of God's spirit : transformation -- My sin ... and "the things of the spirit" -- Is the spirit's filling that big of a deal? -- The spirit who surprises -- Draw me nearer ... nearer -- Those unidentified inner promptings -- The spirit and our emotions -- Thinking theologically about sickness and healing -- A biblical case for healing -- When the spirit brings a slow recovery -- Power, power ... we've got power! -- Is that all there is to the spirit's ministry?
520 ## - SUMMARY, ETC.
Summary, etc. If you are totally fulfilled in your Christian experience, seldom frustrated, and rarely dissatisfied with yourself, this book is not for you. But if your soul is hungry for more and you are eager to experience all the blessings God has in store for you, then it's time for you to fully embrace the Spirit of God. Chuck Swindoll is convinced we have overlooked, even quenched, important dimensions of the Holy Spirit. And he believes we can find a more spontaneous, intimate, and dynamic relationship with God through the Spirit. Many of us have spent our Christian lives trying to keep a safe distance between ourselves and the Holy Spirit. That was an unfortunate mistake. It's time to start flying closer to the flame.
650 #0 - SUBJECT ADDED ENTRY--TOPICAL TERM
Topical term or geographic name entry element Holy Spirit.
650 #0 - SUBJECT ADDED ENTRY--TOPICAL TERM
Topical term or geographic name entry element Spiritual life
General subdivision Christianity.
942 ## - ADDED ENTRY ELEMENTS (KOHA)
Source of classification or shelving scheme Dewey Decimal Classification
Koha item type Books
Holdings
Withdrawn status Lost status Source of classification or shelving scheme Damaged status Not for loan Collection code Home library Current library Shelving location Date acquired Cost, normal purchase price Total Checkouts Full call number Barcode Date last seen Price effective from Koha item type
    Dewey Decimal Classification     Non-fiction Harvest Mission College Harvest Mission College General Stacks 20.12.2018 1540.00   231.3 S978F 005830 20.12.2018 20.12.2018 Books

OPAC Designed and Maintained by HMC Library Team.
Copyright © HMC Library,Greater Noida, UP.
For any Suggestions/Query Contact library via Email:libhmc@gmail.com